1690 1391 1297 1691 1308 1181 1400 1945 1878 1088 1221 1486 1764 1445 1411 1362 1100 1039 1866 1417 1616 1897 1200 1492 1348 1747 1253 1595 1506 1321 1770 1016 1436 1268 1786 1476 1284 1418 1213 1563 1492 1131 1543 1763 1766 1966 1768 1406 1038 1506 1361 1227 1355 1130 1557 1130 1003 1794 1989 1596 1641 1290 1544 1612 1371 1407 1100 1377 1279 1023 1201 1884 1416 1753 1235 1158 1911 1285 1144 1036 1016 1247 1076 1573 1132 1190 1751 1538 1753 1570 1639 1866 1176 1003 1049 1836 1482 1182 1708 BCNSPRNW ULIB Ver.6.0+V

เปลี่ยนเป็นภาษาไทย

Change to English
 แสดงรายละเอียดบรรณานุกรม
  กลับหน้าหลัก

Brief Record : Get Marc (ISO 2709) : E-mail record : QR code < ปิดหน้าต่าง
LEADER : 00000nam 2200000uu 4500
001    13399112632
003     ULIB
008    110829s2549||||th 000 0 tha d
020    9747155931
020    9789747155938
050  4 HV1593^bอ964ส 2549
100 0  โอปอล์ ประภาวดี
245 10 สะพานไม้ :^bเรื่องราวจากบางร่างกายและจิตใจที่อาจไม่สมบูรณ์พร้อมแต่ยอมพลีกายถวายใจทอดตัวเป็นสะพานไม้ให้เพื่อนผู้พิการได้ก้าวข้าม /^cโอปอล์ ประภาวดี
250    พิมพ์ครั้งที่ 1
260    นนทบุรี :^bแผนงานสร้างเสริมสุขภาพคนพิการในสังคมไทย,^c2549
300    143 หน้า :^bภาพประกอบสี ;^c19 ซม.
440  0 สารคดีชุดประสบการณ์ชีวิตคนพิการ ;^vลำดับที่ 3
650  4 คนพิการ^vรวมเรื่อง
653    Open Your Eyes Project
945    ^p160^l0^i020700
995    ทศพร
999 ^a ทศพร
รายการนี้ยังไม่มีแท็ก
คุณยังไม่ได้ล็อกอิน คุณสามารถมีกิจกรรมร่วมกับเว็บไซต์ได้ แต่ต้องล็อกอินก่อน ::
  ล็อกอิน

รายการสื่อสารสนเทศ

ลำดับที่ ประเภท เลขเรียก/บาร์โค้ด สถานที่ สถานะ
- ไม่พบข้อมูล -

รายการใกล้เคียง
    ผู้แต่ง [โอปอล์ ประภาวดี]

BibComment


ยังไม่เคยถูกคอมเมนท์

คอมเมนท์ทรัพยากรรายการนี้
  คอมเมนท์: สะพานไม้ เรื่องร..


 Copyright 2026. Bcnsprnw @Library